00372 a2200145 4500245004900000300001100049650002500060300000900085100000700094630003000101037001200131037002400143650002800167100003100195 aCours de contrò‚le de gestion : fascicule 1 a121 p. aGestion : contrò‚le b29cm lFr a658 - Gestion commerciale aDe 2239 b1 , Don de l'auteur a6 - SCIENCES APPLIQUEES aKissezounon, Vincent Cossi